000 00282nam a2200121Ia 4500
008 190107s9999 xx 000 0 und d
020 _a9781846041051
100 _aSogyal rinpoche
245 0 _aTibetan book of living & dying
260 _bRider Books
365 _b499/-
942 _cBK
999 _c748
_d748